000
00334nam a2200145Ia 4500
008
150201s2011 xx 000 0 und d
082
_a
614.1
_b
F11U
100
_a
UMADITHAN, B.
245
_a
FORENSIC MEDICINE
250
_a
1ST
260
_b
CBS
_a
DELHI
_c
2011
300
_a
1-468
650
_a
FORENSIC MEDICINE
942
_2
ddc
_c
BK
_0
1
999
_c
1273
_d
1273